Big 5 Sports Teams - Statistics

General Stats
  • This quiz has been taken 848 times
    802 since last reset
  • The average score is 93 of 151
Answer Stats
Answer % Correct
Cincinnati Reds
87%
New York Jets
84%
Winnipeg Jets
83%
Carolina Panthers
82%
Florida Panthers
82%
New York Giants
82%
Kansas City Chiefs
81%
San Francisco Giants
81%
Arizona Cardinals
80%
Dallas Cowboys
80%
Los Angeles Lakers
80%
New England Patriots
80%
Philadelphia Eagles
80%
Detroit Lions
79%
Miami Dolphins
79%
Baltimore Ravens
78%
Cleveland Browns
78%
Green Bay Packers
78%
Los Angeles Rams
78%
San Francisco 49ers
78%
St. Louis Cardinals
78%
Boston Celtics
77%
Chicago Bears
77%
Cincinnati Bengals
77%
Seattle Seahawks
77%
Buffalo Bills
76%
Jacksonville Jaguars
76%
Las Vegas Raiders
76%
Los Angeles Chargers
76%
Miami Heat
76%
New York Knicks
76%
Pittsburgh Steelers
76%
Tampa Bay Buccaneers
76%
Washington Football Team
76%
Atlanta Falcons
75%
Denver Broncos
75%
Houston Texans
75%
Indianapolis Colts
75%
Minnesota Vikings
75%
Sacramento Kings
75%
Atlanta Hawks
74%
Brooklyn Nets
74%
Tennessee Titans
74%
Boston Red Sox
73%
Dallas Mavericks
73%
Golden State Warriors
73%
Los Angeles Kings
73%
New York Yankees
73%
Chicago Bulls
72%
Los Angeles Clippers
72%
Detroit Pistons
71%
Milwaukee Bucks
71%
New Orleans Saints
71%
Philadelphia 76ers
71%
Charlotte Hornets
70%
Orlando Magic
70%
Chicago White Sox
69%
Denver Nuggets
69%
New York Rangers
69%
Minnesota Timberwolves
68%
Phoenix Suns
68%
San Antonio Spurs
68%
Texas Rangers
68%
Toronto Raptors
68%
Houston Rockets
67%
Oklahoma City Thunder
67%
Portland Trail Blazers
67%
Washington Wizards
67%
Cleveland Cavaliers
66%
New York Mets
66%
Indiana Pacers
65%
Los Angeles Dodgers
65%
New Orleans Pelicans
65%
Oakland Athletics
65%
Memphis Grizzlies
64%
Utah Jazz
64%
Boston Bruins
61%
Chicago Cubs
61%
Washington Capitals
61%
Atlanta Braves
60%
Pittsburgh Penguins
60%
Toronto Blue Jays
60%
Dallas Stars
59%
Detroit Tigers
59%
Anaheim Ducks
58%
Houston Astros
58%
New York Islanders
58%
Washington Nationals
58%
Chicago Blackhawks
57%
Los Angeles Angels
57%
Miami Marlins
57%
Arizona Diamondbacks
56%
Edmonton Oilers
56%
Philadelphia Phillies
56%
Pittsburgh Pirates
56%
Seattle Mariners
56%
Toronto Maple Leafs
56%
Baltimore Orioles
55%
Minnesota Wild
55%
Tampa Bay Rays
55%
Colorado Rockies
54%
Detroit Red Wings
54%
Kansas City Royals
54%
Las Vegas Golden Knights
54%
Vancouver Canucks
54%
Cleveland Indians
53%
Colorado Avalanche
53%
Minnesota Twins
53%
Montreal Canadiens
53%
Tampa Bay Lightning
53%
Carolina Hurricanes
52%
Los Angeles Galaxy
52%
Milwaukee Brewers
52%
San Diego Padres
52%
St. Louis Blues
52%
Calgary Flames
51%
Inter Miami CF
51%
Philadelphia Flyers
51%
San Jose Sharks
51%
Arizona Coyotes
50%
Seattle Kraken
50%
Buffalo Sabres
49%
New Jersey Devils
49%
Ottawa Senators
49%
Columbus Blue Jackets
47%
Nashville Predators
47%
Los Angeles FC
46%
Atlanta United
44%
Sporting Kansas City
44%
New York Red Bulls
43%
New York City FC
41%
D.C United
40%
FC Dallas
40%
Chicago Fire
39%
Seattle Sounders FC
39%
Columbus Crew
38%
FC Cincinnati
38%
New England Revolution
38%
Portland Timbers
37%
Houston Dynamo
36%
Philadelphia Union
36%
CF Montreal
34%
Minnesota United
33%
Toronto FC
33%
Vancouver Whitecaps FC
33%
Nashville SC
32%
Colorado Rapids
31%
Real Salt Lake
31%
San Jose Earthquakes
29%
Orlando City SC
28%
Austin FC
27%
No matching quizzes found
Score Distribution
Percent of People with Each Score
Percentile by Number Answered
Your Score History
You have not taken this quiz since the last reset